[Event "26. Offene Hamburger SEM 2019 65+"]
[Site "Hamburg"]
[Date "2019.11.15"]
[Round "5.1"]
[White "Kreutzkamp, Hans-Rudolf"]
[Black "Pfitzer, Norbert"]
[Result "1-0"]
[WhiteElo "1948"]
[BlackElo "1955"]
[PlyCount "39"]
[EventDate "2019.??.??"]
[WhiteTeam "SK Union Eimsbuettel eV"]
[BlackTeam "SV Backnang"]

{[%evp 0,39,19,28,85,75,75,27,27,16,21,5,26,18,39,5,18,16,16,25,45,53,68,79,68,103,84,63,66,69,74,87,176,176,89,51,388,388,455,455,642,685]} 1. e4 d6 2. d4 Nf6 3. Bd3 e5 4. Ne2 Be7 5. O-O O-O 6. c3 Re8 7. Ng3 exd4 8. cxd4 Nc6 9. Bc2 h6 10. Nc3 Bf8 11. a3 a6 12. f4 g6 13. f5 g5 14. Be3 Bg7 15. Nh5 Nxh5 16. Qxh5 Nxd4 17. f6 Bg4 18. Qxg4 Nxc2 19. Bxg5 Qc8 20. Rf5 1-0

[Event "26. Offene Hamburger SEM 2019 65+"]
[Site "Hamburg"]
[Date "2019.11.15"]
[Round "5.2"]
[White "Schulz, Wolfgang"]
[Black "Grimm, Uwe"]
[Result "1/2-1/2"]
[WhiteElo "1907"]
[BlackElo "2045"]
[PlyCount "35"]
[EventDate "2019.??.??"]
[WhiteTeam "Hamburger SK von 1830 eV"]
[BlackTeam "MTV Dannenberg"]

{[%evp 0,35,19,29,40,43,70,69,69,27,41,-38,-44,-44,-22,-44,-31,-44,-72,-68,-21,-28,-14,-14,-5,-18,17,17,24,11,26,-12,-10,-10,-17,-52,-59,-116]} 1. e4 Nc6 2. Nf3 d6 3. d4 Nf6 4. c3 e6 5. d5 exd5 6. exd5 Ne5 7. Nxe5 dxe5 8. Bb5+ Bd7 9. Qe2 Be7 10. Bxd7+ Qxd7 11. c4 O-O 12. O-O Bd6 13. Nc3 a6 14. Bg5 Ne8 15. f4 f6 16. fxe5 Bxe5 17. Bd2 Nd6 18. Qd3 1/2-1/2

[Event "26. Offene Hamburger SEM 2019 65+"]
[Site "Hamburg"]
[Date "2019.11.15"]
[Round "5.3"]
[White "Hawranke, Dietrich"]
[Black "Szenetra, Werner"]
[Result "1/2-1/2"]
[WhiteElo "2044"]
[BlackElo "2133"]
[PlyCount "31"]
[EventDate "2019.??.??"]
[WhiteTeam "Pinneberg SC 1932 eV"]
[BlackTeam "SV Berenbostel"]

{[%evp 0,31,19,31,54,58,86,83,84,84,91,69,110,110,89,35,35,34,26,8,-1,-7,-5,15,10,-1,40,47,77,21,21,56,66,66]} 1. d4 d6 2. e4 g6 3. Nc3 Bg7 4. Nf3 a6 5. a4 b6 6. Bc4 e6 7. Bg5 Ne7 8. Qd2 h6 9. Bh4 Bb7 10. O-O-O Nd7 11. Kb1 g5 12. Bg3 Ng6 13. h4 g4 14. Nh2 h5 15. f3 e5 16. dxe5 1/2-1/2

[Event "26. Offene Hamburger SEM 2019 65+"]
[Site "Hamburg"]
[Date "2019.11.15"]
[Round "5.4"]
[White "Kornrumpf, Joachim"]
[Black "Chmielewski, Axel"]
[Result "1-0"]
[WhiteElo "2054"]
[BlackElo "1746"]
[PlyCount "97"]
[EventDate "2019.??.??"]
[WhiteTeam "Preetzer TSV"]
[BlackTeam "Volksdorfer SK 1948"]

{[%evp 0,68,19,25,15,-9,2,-14,-5,7,5,3,4,13,24,19,29,9,10,-2,-1,-9,18,7,15,6,-2,5,-4,-9,-9,-9,-9,-9,-14,-14,1,7,8,-12,0,-25,-7,-25,-34,-54,-41,-31,-29,-26,-22,-20,13,16,33,1,1,-59,21,-38,-9,5,3,-76,-72,-72,-38,-65,44,-90,-68]} 1. e3 Nf6 2. c4 c5 3. b3 g6 4. Bb2 Bg7 5. Nf3 d6 6. Be2 O-O 7. O-O b6 8. d3 Bb7 9. Qc2 e6 10. a3 a5 11. Nbd2 Nbd7 12. Rfd1 e5 13. Ne4 Qe7 14. Nc3 d5 15. cxd5 Nxd5 16. Nxd5 Bxd5 17. Nd2 Rac8 18. Rac1 Rfd8 19. Bf1 Bb7 20. Qb1 Qg5 21. Ne4 Qe7 22. Bc3 f5 23. Nd2 Qg5 24. Nc4 Qe7 25. Qb2 Bd5 26. Re1 Bf7 27. f4 Re8 28. Rcd1 Rcd8 29. Kh1 Bf6 30. fxe5 Bxe5 31. Bxe5 Nxe5 32. h3 Nd7 33. Qc3 Bd5 34. Kg1 Qg5 35. e4 fxe4 36. dxe4 Bc6 37. Nd6 Re6 38. Bc4 Nf8 39. Qf3 Qe7 40. Bxe6+ Qxe6 41. Nc4 Rxd1 42. Qxd1 Bb7 43. Qd6 Qxd6 44. Nxd6 Ba6 45. Nc4 Bxc4 46. bxc4 Nd7 47. e5 Kf8 48. e6 Nf6 49. Rb1 1-0

[Event "26. Offene Hamburger SEM 2019 65+"]
[Site "Hamburg"]
[Date "2019.11.15"]
[Round "5.6"]
[White "Strampfer, Jens"]
[Black "Ditmas, Hugh"]
[Result "0-1"]
[Annotator "DATA"]
[WhiteElo "1926"]
[BlackElo "1888"]
[PlyCount "78"]
[EventDate "2019.??.??"]
[WhiteTeam "SC Roesselsprung eV"]
[BlackTeam "Bremer SG von 1877"]

{[%evp 0,40,19,-31,-6,-1,-36,-32,-25,-18,-19,-32,-31,-31,-19,-8,-8,-54,-17,-23,-28,-25,-25,-25,-12,-17,-32,-26,-11,-27,28,0,11,-12,-21,-34,-36,-51,-56,-23,-25,-25,-32]} 1. b3 e5 2. Bb2 Nc6 3. e3 Nf6 4. Bb5 Bd6 5. Ne2 a6 6. Bxc6 dxc6 7. O-O O-O 8. f4 Qe7 9. fxe5 Bxe5 10. Bxe5 Qxe5 11. Nbc3 Ng4 12. Ng3 h5 13. Rf3 h4 14. Nf1 f5 15. d4 Qe7 16. e4 fxe4 17. Rxf8+ Kxf8 18. h3 Nf6 19. Qe1 Qb4 20. Qe3 Bf5 21. Nd2 Rd8 22. Nc4 b5 23. a3 Qe7 24. Ne5 Qe6 25. Rf1 Kg8 26. Ne2 Bh7 27. c4 c5 28. Nf4 Qd6 29. Ne2 cxd4 30. Qg5 Re8 31. Ng4 Nxg4 32. hxg4 d3 33. Nf4 Rf8 34. Nh5 Rxf1+ 35. Kxf1 Qd4 36. Ke1 e3 37. Qd5+ Qxd5 38. cxd5 Be4 39. Nf4 g5 0-1

[Event "26. Offene Hamburger SEM 2019 65+"]
[Site "Hamburg"]
[Date "2019.11.15"]
[Round "5.7"]
[White "Stuhlmann, Alexander"]
[Black "Gollasch, Theo-Heinz"]
[Result "1/2-1/2"]
[WhiteElo "1759"]
[BlackElo "1944"]
[PlyCount "27"]
[EventDate "2019.??.??"]
[WhiteTeam "SK Johanneum Eppendorf"]
[BlackTeam "Hamburger SK von 1830 eV"]

{[%evp 0,27,19,28,23,26,13,5,5,5,19,24,25,20,19,14,14,21,16,-42,10,17,17,10,10,18,27,9,22,21]} 1. e4 e5 2. Nf3 Nc6 3. Bc4 Bc5 4. d3 h6 5. c3 Nf6 6. b4 Bb6 7. b5 Na5 8. Nxe5 O-O 9. O-O d6 10. Bxf7+ Rxf7 11. Nxf7 Kxf7 12. Be3 Bg4 13. Qd2 c5 14. c4 1/2-1/2

[Event "26. Offene Hamburger SEM 2019 65+"]
[Site "Hamburg"]
[Date "2019.11.15"]
[Round "5.8"]
[White "Villing, Dieter"]
[Black "Heitsch, Karl-Wilhelm"]
[Result "1-0"]
[WhiteElo "1956"]
[BlackElo "1492"]
[PlyCount "49"]
[EventDate "2019.??.??"]
[WhiteTeam "SK 1912 Ludwigshafen"]

{[%evp 0,49,19,31,50,47,47,36,24,36,36,39,88,82,129,105,105,90,82,67,84,70,109,109,101,101,91,79,107,91,74,74,106,114,123,116,427,475,493,493,606,512,947,1075,1179,1282,1334,1334,1334,1343,1345,1349]} 1. e4 c5 2. Nf3 e6 3. d4 cxd4 4. Nxd4 Nc6 5. Nc3 a6 6. Be2 g6 7. Be3 Bg7 8. Qd2 Nge7 9. O-O-O O-O 10. h4 Nxd4 11. Bxd4 Bxd4 12. Qxd4 Nc6 13. Qe3 f5 14. exf5 Rxf5 15. Bd3 Re5 16. Qg3 Qe7 17. f4 Rf5 18. Bxf5 exf5 19. h5 Qf7 20. hxg6 hxg6 21. Rh6 Ne7 22. Rdh1 Qg7 23. Rh8+ Qxh8 24. Rxh8+ Kxh8 25. Qh4+ 1-0

[Event "26. Offene Hamburger SEM 2019 65+"]
[Site "Hamburg"]
[Date "2019.11.15"]
[Round "5.9"]
[White "Behrensen, Joern"]
[Black "Krotofil, Kurt"]
[Result "0-1"]
[WhiteElo "1544"]
[BlackElo "1756"]
[PlyCount "61"]
[EventDate "2019.??.??"]
[WhiteTeam "Hamburger SK von 1830 eV"]
[BlackTeam "Niendorfer TSV 1919 SAbt"]

{[%evp 0,61,19,34,24,22,25,9,28,17,22,11,16,27,27,4,15,-4,20,13,9,-4,-14,-18,-32,-22,15,-2,29,-2,4,-254,-254,-291,-302,-316,-296,-287,-301,-326,-333,-477,-442,-792,-792,-792,-803,-841,-930,-1011,-1085,-1429,-1158,-1444,-1802,-1952,-1690,-2228,-1703,-29989,-29990,-29991,-29992,-29993]} 1. d4 Nf6 2. Nf3 e6 3. e3 b6 4. Bd3 Bb7 5. O-O Be7 6. c4 O-O 7. b3 d5 8. Nbd2 Nbd7 9. Bb2 Rc8 10. Ne5 c5 11. f4 cxd4 12. exd4 Rc7 13. Rc1 Qa8 14. Nxd7 Nxd7 15. Bxh7+ Kxh7 16. Qh5+ Kg8 17. Rf3 Nf6 18. Qh3 dxc4 19. Rg3 Be4 20. Nxe4 Qxe4 21. Rxg7+ Kxg7 22. Qg3+ Qg6 23. Qf3 c3 24. Ba1 Nd5 25. g4 Ba3 26. Re1 c2 27. f5 exf5 28. Qxd5 Qxg4+ 29. Kh1 c1=Q 30. Qe5+ f6 31. d5 0-1

[Event "26. Offene Hamburger SEM 2019 65+"]
[Site "Hamburg"]
[Date "2019.11.15"]
[Round "5.10"]
[White "Tscherepanov, Leon"]
[Black "Geissler, Karl-Heinz"]
[Result "1/2-1/2"]
[WhiteElo "1732"]
[BlackElo "1504"]
[PlyCount "121"]
[EventDate "2019.??.??"]
[WhiteTeam "Hamburger SK von 1830 eV"]
[BlackTeam "Mummelmannsberger SV"]

{[%evp 0,81,19,31,32,-10,25,16,26,36,38,34,39,2,21,13,-1,35,23,30,22,18,18,18,18,18,26,39,35,40,17,28,19,24,35,36,47,29,31,30,30,17,41,-1,31,-2,23,18,27,-19,17,-17,23,16,21,-8,-15,-20,-19,-23,-20,-23,-24,-21,-43,-51,-51,-51,-46,-51,-51,-48,-19,-19,-19,-19,-19,-11,-7,-7,-7,-7,0,0]} 1. d4 d5 2. c4 c6 3. e3 Nf6 4. Nc3 Bf5 5. Qb3 Qb6 6. Qxb6 axb6 7. cxd5 Nxd5 8. Nxd5 cxd5 9. Nf3 Bd7 10. Bd3 e6 11. Bd2 Nc6 12. O-O Be7 13. a3 O-O 14. Rac1 Rfc8 15. Rc3 Na5 16. Rfc1 Rxc3 17. Rxc3 Rc8 18. Ne5 Rxc3 19. Bxc3 Be8 20. b4 Nc6 21. f4 f6 22. Nf3 Bg6 23. Bxg6 hxg6 24. g4 Kf7 25. h3 Bd6 26. Kg2 b5 27. h4 Ne7 28. Kh3 Kf8 29. Be1 Kf7 30. Bg3 Nc8 31. Nd2 Nb6 32. Nb1 Nc4 33. Bf2 Bb8 34. Kg2 Ke7 35. Kf3 f5 36. g5 Kd7 37. Be1 Kc6 38. Bd2 Bd6 39. Bc1 Be7 40. Nc3 Nb6 41. Kg3 Bf8 42. Kh3 Be7 43. Ne2 Nc4 44. Ng1 Bd6 45. Nf3 Kd7 46. Ng1 Ke7 47. Ne2 Kd7 48. Ng3 Ke7 49. Ne2 Kd7 50. Ng1 Ke7 51. Nf3 Kf7 52. Kg2 Ke7 53. Kf2 Kd7 54. Ke2 Ke7 55. Kd3 Kd7 56. Kc3 Kc6 57. Kb3 Be7 58. Ng1 Bd6 59. Ne2 Be7 60. Nc3 Bf8 61. Kc2 1/2-1/2

[Event "26. Offene Hamburger SEM 2019 65+"]
[Site "Hamburg"]
[Date "2019.11.15"]
[Round "5.11"]
[White "Keunecke, Hanno"]
[Black "Raedisch, Peter"]
[Result "1-0"]
[WhiteElo "1675"]
[BlackElo "1477"]
[PlyCount "125"]
[EventDate "2019.??.??"]
[WhiteTeam "Langenhorner SF 1928"]
[BlackTeam "SF Hamburg eV 1934"]

{[%evp 0,61,19,28,20,25,17,19,12,-11,47,36,29,29,29,35,102,58,44,10,6,-26,-3,-100,-114,-114,-94,-160,-87,-76,-61,-79,-61,-115,-80,-79,-57,-74,-28,-39,-30,-78,-103,-107,74,-89,-58,-62,-49,-65,-47,-77,-92,-92,39,0,401,399,378,326,389,387,385,330]} 1. e4 e5 2. Nf3 Nc6 3. Bb5 Bc5 4. c3 Qe7 5. d4 exd4 6. O-O a6 7. cxd4 Ba7 8. Bxc6 dxc6 9. e5 Bg4 10. Be3 O-O-O 11. Bg5 f6 12. exf6 Nxf6 13. Re1 Qf8 14. Nbd2 Bxd4 15. Qb3 h6 16. Bh4 g5 17. Bg3 Ba7 18. h3 Bd7 19. Ne5 Rh7 20. Ng6 Qf7 21. Qc2 Be6 22. Nf3 Nh5 23. Bh2 Rg7 24. Nge5 Qf6 25. Rad1 Rxd1 26. Qxd1 g4 27. hxg4 Bxg4 28. Nxg4 Qf8 29. Nge5 Qc5 30. Nd3 Qf8 31. Nfe5 Ng3 32. Qf3 Qxf3 33. Nxf3 Kd7 34. Bxg3 Rxg3 35. Kh2 Rg7 36. Nfe5+ Kd6 37. f3 Bd4 38. f4 c5 39. Nf3 b6 40. Nxd4 cxd4 41. f5 Re7 42. Rxe7 Kxe7 43. g4 Kf6 44. Kg3 h5 45. Kh4 hxg4 46. Kxg4 c5 47. Kf4 c4 48. Nb4 b5 49. Nd5+ Kf7 50. Ne3 Kf6 51. Kf3 Ke5 52. Kf2 Kf6 53. Ke1 Ke5 54. Kd2 Kf6 55. Kc2 Ke5 56. b3 Ke4 57. Nd1 Kxf5 58. bxc4 bxc4 59. Ne3+ Ke4 60. Nxc4 a5 61. Nxa5 Ke3 62. Nb3 Ke2 63. a4 1-0

[Event "26. Offene Hamburger SEM 2019 65+"]
[Site "Hamburg"]
[Date "2019.11.15"]
[Round "5.12"]
[White "Hinke, Gerhard"]
[Black "Marquardt, Rolf"]
[Result "0-1"]
[WhiteElo "1470"]
[BlackElo "1632"]
[PlyCount "86"]
[EventDate "2019.??.??"]
[WhiteTeam "Mummelmannsberger SV"]
[BlackTeam "Langenhorner SF 1928"]

{[%evp 0,86,19,29,41,47,24,18,26,10,25,40,29,12,70,24,36,50,53,51,92,95,117,103,166,136,146,128,223,223,223,224,224,220,219,200,205,177,183,177,185,159,159,139,139,166,235,140,140,29,40,31,38,-26,-39,-492,-499,-505,-513,-534,-471,-470,-475,-484,-484,-477,-484,-518,-510,-500,-442,-500,-486,-607,-607,-613,-597,-595,-620,-652,-650,-679,-704,-1129,-1129,-1129,-1257,-1455,-2077]} 1. e4 e6 2. d4 d5 3. exd5 exd5 4. Bd3 Bd6 5. Nf3 Ne7 6. O-O Bf5 7. c4 Bxd3 8. Qxd3 c6 9. cxd5 Nxd5 10. Re1+ Be7 11. Nc3 Nxc3 12. bxc3 O-O 13. Qe4 Bf6 14. Ba3 Nd7 15. Bxf8 Nxf8 16. Rab1 Qc7 17. Rb3 Rd8 18. Reb1 b6 19. Re1 g6 20. c4 Ne6 21. Rd3 Qd6 22. Red1 Qb4 23. Ne5 Bxe5 24. Qxe5 Qxc4 25. g3 Qxa2 26. Kg2 Rd5 27. Qf6 Rf5 28. Qxf5 gxf5 29. d5 Nc5 30. R3d2 Qa4 31. d6 Nd7 32. Rd4 Qb3 33. R1d3 Qb2 34. Rd2 Qa3 35. R2d3 Qc5 36. Rd2 b5 37. R4d3 b4 38. Re3 Qb5 39. Re8+ Kg7 40. Re7 c5 41. Rd5 Qc6 42. Rxd7 Qxd5+ 43. f3 b3 0-1

[Event "26. Offene Hamburger SEM 2019 65+"]
[Site "Hamburg"]
[Date "2019.11.15"]
[Round "5.13"]
[White "Werner, Joern"]
[Black "Hinrichs, Winfried"]
[Result "1-0"]
[Annotator "DATA"]
[WhiteElo "1560"]
[BlackElo "1424"]
[PlyCount "119"]
[EventDate "2019.??.??"]
[WhiteTeam "SK Wilhelmsburg 1936 eV"]
[BlackTeam "Langenhorner SF 1928"]

{[%evp 0,40,19,28,40,37,85,92,83,58,61,48,41,49,27,25,21,2,8,9,-2,-25,-22,-21,-5,-10,15,0,34,41,34,30,74,30,43,36,49,76,61,76,66,69,95]} 1. e4 c5 2. Nc3 d6 3. Nf3 Nf6 4. d4 cxd4 5. Qxd4 Nc6 6. Qd1 a6 7. a3 e6 8. Bd3 Be7 9. Qe2 O-O 10. Bg5 Nd7 11. Bf4 Nc5 12. Rd1 Nxd3+ 13. Rxd3 Qc7 14. O-O b5 15. Rfd1 e5 16. Bg5 f6 17. Be3 Be6 18. Nd5 Bxd5 19. Rxd5 Rac8 20. Nh4 g6 21. Qg4 Kh8 22. c3 f5 23. Qh3 f4 24. Nxg6+ Kg7 25. Nxf8 Rxf8 26. Bc1 Nd8 27. g3 Rf6 28. g4 Nf7 29. Qg2 Rg6 30. h3 h5 31. f3 hxg4 32. hxg4 Ng5 33. Kf2 Rh6 34. Rh1 Rg6 35. Qh2 Qb6+ 36. Kg2 Qb8 37. Qg1 Qc8 38. Qf1 Nxe4 39. Qe2 Nf6 40. Rdd1 Nxg4 41. fxg4 Rxg4+ 42. Kf1 Qf5 43. Qxg4+ Qxg4 44. Rg1 Qxg1+ 45. Kxg1 Kf6 46. Kf2 Kf5 47. b3 e4 48. Rh1 Bf6 49. Bb2 Be5 50. Ba1 Ke6 51. c4 bxc4 52. bxc4 Bxa1 53. Rxa1 Ke5 54. Rd1 Ke6 55. Rd5 Kd7 56. Ra5 Kc6 57. Rxa6+ Kc5 58. Ra4 d5 59. cxd5 Kxd5 60. Rb4 1-0

[Event "26. Offene Hamburger SEM 2019 65+"]
[Site "Hamburg"]
[Date "2019.11.15"]
[Round "5.14"]
[White "Porth, Hartmut"]
[Black "Duemmke, Juergen"]
[Result "1/2-1/2"]
[WhiteElo "1990"]
[BlackElo "1831"]
[PlyCount "101"]
[EventDate "2019.??.??"]
[WhiteTeam "SV Bargteheide"]
[BlackTeam "SV Grosshansdorf"]

{[%evp 0,76,19,-17,19,18,25,13,55,55,44,31,38,44,34,1,-6,-56,-56,-51,-19,-32,-37,-45,-12,-19,-30,-25,-25,-21,-37,-31,-40,-47,-24,-24,-24,-24,-9,-20,-18,-18,-17,-12,-18,-20,27,20,25,22,20,-4,0,0,22,18,16,-22,-1,0,0,-89,-87,-84,-65,-65,-89,-97,0,0,0,0,0,0,9,4,1,0,41]} 1. g3 g6 2. Bg2 Bg7 3. Nc3 e6 4. e4 Nc6 5. Nge2 Nge7 6. d4 d5 7. e5 b6 8. Nb1 Ba6 9. c3 O-O 10. Na3 Na5 11. Rb1 Qd7 12. b4 Nc4 13. b5 Nxa3 14. Bxa3 Bb7 15. c4 a6 16. cxd5 Bxd5 17. Bxd5 Qxd5 18. O-O Rfe8 19. Bxe7 Rxe7 20. a4 axb5 21. axb5 Rd7 22. Qb3 Ra5 23. Qxd5 Rxd5 24. Rfc1 Rd7 25. Rc4 f6 26. f4 fxe5 27. fxe5 Bh6 28. Nf4 Bxf4 29. gxf4 Rf7 30. d5 exd5 31. Rd4 Kf8 32. Rxd5 Rxf4 33. Re1 Ke7 34. e6 Raa4 35. Rd7+ Ke8 36. Rxc7 Rae4 37. Ra1 Ra4 38. Rac1 Rfe4 39. Rxh7 Rac4 40. Ra1 Ra4 41. Rxa4 Rxa4 42. Rb7 Rb4 43. Rxb6 Ke7 44. Kf2 Rb3 45. h4 Rh3 46. Rc6 Rxh4 47. Ke3 Rb4 48. b6 g5 49. Kd3 g4 50. Rc4 Rxb6 51. Rxg4 1/2-1/2

[Event "26. Offene Hamburger SEM 2019 65+"]
[Site "Hamburg"]
[Date "2019.11.15"]
[Round "5.15"]
[White "Wichmann, Dieter"]
[Black "Schmeichel, Wolfgang"]
[Result "0-1"]
[WhiteElo "1458"]
[BlackElo "1563"]
[PlyCount "48"]
[EventDate "2019.??.??"]
[WhiteTeam "Hamburger SK von 1830 eV"]
[BlackTeam "SF Wedel eV"]

{[%evp 0,48,19,22,59,60,58,41,35,42,48,23,31,31,42,20,22,-6,-6,-24,-40,-59,-96,-209,-213,-206,-214,-205,-215,-215,-205,-231,-193,-224,-193,-190,-190,-200,-197,-202,-202,-501,-523,-427,-547,-609,-503,-687,-698,-807,-526]} 1. d4 c5 2. e3 cxd4 3. exd4 Nf6 4. Nf3 Nc6 5. c3 d5 6. Bd3 g6 7. Qc2 Bg7 8. Bf4 O-O 9. O-O Nh5 10. Bg5 f6 11. Bxg6 hxg6 12. Qxg6 Qe8 13. Qxe8 Rxe8 14. Be3 e5 15. h3 Nf4 16. Rd1 Bf5 17. dxe5 fxe5 18. Bxf4 exf4 19. Rxd5 Be4 20. Rd2 Bxf3 21. gxf3 Re1+ 22. Kg2 Rae8 23. h4 Rc1 24. Kh3 Rce1 0-1

[Event "26. Offene Hamburger SEM 2019 65+"]
[Site "Hamburg"]
[Date "2019.11.15"]
[Round "5.16"]
[White "Paulsen, Helmut"]
[Black "Frackowiak, Stanislaw"]
[Result "1/2-1/2"]
[WhiteElo "1450"]
[BlackElo "1550"]
[PlyCount "77"]
[EventDate "2019.??.??"]
[WhiteTeam "FC St Pauli 1910 eV SAbt"]
[BlackTeam "Hamburger SK von 1830 eV"]

{[%evp 0,77,19,-61,-73,-60,-60,-46,-32,-80,-85,-46,-63,-70,-64,-53,-53,-54,-47,-35,-14,-21,6,1,41,37,26,30,61,10,10,3,0,-1,-17,-47,-21,-8,1,1,-14,-24,-36,-35,-18,-30,-64,-92,-76,-149,-93,-144,-145,-153,-34,-36,-37,-62,-39,-65,-37,-39,-16,-19,-39,-27,-29,-22,-22,-22,-15,-14,0,0,17,1,12,0,-6,-8]} 1. b4 e5 2. Bb2 Bxb4 3. Bxe5 Nf6 4. e3 Nc6 5. Bb2 d5 6. Nf3 O-O 7. c3 Bd6 8. d4 a6 9. Nbd2 b5 10. Bd3 Ne7 11. O-O Ng6 12. a4 Bd7 13. axb5 Bxb5 14. Bxb5 axb5 15. Qc2 Qd7 16. e4 dxe4 17. Nxe4 Nxe4 18. Qxe4 c6 19. Rfe1 h6 20. h3 Rae8 21. Qc2 Nf4 22. Rxe8 Rxe8 23. Re1 Re6 24. Ne5 Qe8 25. Kf1 f6 26. Nf3 Nd5 27. Rxe6 Qxe6 28. Qe2 Qc8 29. Qd3 Nf4 30. Qe4 Kf7 31. Bc1 Qe6 32. Qxe6+ Kxe6 33. Bxf4 Bxf4 34. Ke2 Bc1 35. Kd3 Kd5 36. Nh4 Ba3 37. Nf5 Bf8 38. Ne3+ Ke6 39. Ke4 1/2-1/2

[Event "26. Offene Hamburger SEM 2019 65+"]
[Site "Hamburg"]
[Date "2019.11.15"]
[Round "5.17"]
[White "Berking, Bernhard"]
[Black "Eberhardt, Michael"]
[Result "1/2-1/2"]
[WhiteElo "1485"]
[BlackElo "1487"]
[PlyCount "122"]
[EventDate "2019.??.??"]
[WhiteTeam "SchVgg Blankenese von 1923 eV"]
[BlackTeam "SC Agon Neumuenster"]

{[%evp 0,67,19,-12,-14,-8,44,17,12,18,25,26,29,31,31,2,21,-15,-11,-1,15,31,27,6,91,68,139,55,44,30,30,31,61,37,51,32,51,69,77,77,119,71,116,111,108,120,119,121,113,104,131,140,141,58,58,66,56,20,0,0,111,111,120,128,115,106,106,97,97,97]} 1. c4 Nf6 2. Nc3 g6 3. g3 d5 4. cxd5 Nxd5 5. Bg2 Nxc3 6. bxc3 Bg7 7. Bb2 c5 8. Nf3 O-O 9. O-O Nd7 10. Rb1 Rb8 11. c4 Nf6 12. d3 b6 13. Ne5 Bb7 14. Nc6 Bxc6 15. Bxc6 Qd6 16. Bg2 Rbd8 17. Qc2 e5 18. Bc3 Rfe8 19. a4 Qc7 20. Qa2 Rb8 21. a5 bxa5 22. Rxb8 Rxb8 23. Bxa5 Qe7 24. Bc3 Ne8 25. Ra1 Nd6 26. h3 e4 27. Bxg7 Kxg7 28. Kh2 exd3 29. exd3 Rd8 30. Qxa7 Qxa7 31. Rxa7 Kf6 32. Rc7 Rc8 33. Rxc8 Nxc8 34. f4 Nd6 35. g4 h6 36. Kg3 g5 37. Bd5 Ke7 38. h4 Kf6 39. fxg5+ hxg5 40. h5 Kg7 41. Kf3 f5 42. gxf5 Nxf5 43. Be4 Ne7 44. Kg4 Kh6 45. Bf3 Nc8 46. Kf5 Nb6 47. Ke6 Na4 48. Kd6 Nb2 49. Kxc5 Nxd3+ 50. Kd4 Nf4 51. c5 Ne6+ 52. Kd5 Nxc5 53. Kd6 g4 54. Bxg4 Kg7 55. Ke7 Kg8 56. Kf6 Kh7 57. Kg5 Kg7 58. Bf5 Kh8 59. Kg6 Kg8 60. Kf6 Kf8 61. h6 Kg8 1/2-1/2

[Event "26. Offene Hamburger SEM 2019 65+"]
[Site "Hamburg"]
[Date "2019.11.15"]
[Round "5.18"]
[White "Wilke, Wolfgang"]
[Black "Lohkamp, Rolf"]
[Result "1/2-1/2"]
[Annotator "DATA"]
[WhiteElo "1605"]
[BlackElo "1266"]
[PlyCount "77"]
[EventDate "2019.??.??"]
[WhiteTeam "SV Grosshansdorf"]
[BlackTeam "Hamburger SK von 1830 eV"]

{[%evp 0,40,18,30,65,69,57,28,48,46,39,39,61,52,121,26,194,194,266,77,191,103,103,120,138,144,147,115,121,70,52,-73,67,80,80,68,66,75,56,21,33,33,44]} 1. e4 c6 2. d4 d5 3. Nd2 dxe4 4. Nxe4 Bf5 5. Ng3 Bg6 6. Nf3 h6 7. c3 Nf6 8. Ne5 Bh7 9. Bc4 Nd5 10. Qh5 Bg8 11. O-O g6 12. Qe2 Bg7 13. f4 Nd7 14. Nd3 f5 15. Bd2 Qc7 16. Bb3 Bf7 17. Rae1 O-O 18. Ne5 Nxe5 19. dxe5 Qb6+ 20. Kh1 e6 21. Rd1 Rfd8 22. Bc1 a5 23. Qf3 Be8 24. Ne2 a4 25. Bc2 c5 26. Qg3 Kh7 27. Bd3 Rd7 28. Bc2 Qa6 29. Rf3 Qxe2 30. Rf2 Qa6 31. Rfd2 Rdd8 32. Rd3 Ne7 33. h4 h5 34. Qf3 c4 35. Re3 Rxd1+ 36. Qxd1 Qb6 37. Qd4 Qc6 38. Bd2 b5 39. Be1 1/2-1/2

[Event "26. Offene Hamburger SEM 2019 65+"]
[Site "Hamburg"]
[Date "2019.11.15"]
[Round "5.19"]
[White "Hofmeier, Arthur"]
[Black "Neldner, Frank"]
[Result "0-1"]
[WhiteElo "1188"]
[BlackElo "1482"]
[PlyCount "48"]
[EventDate "2019.??.??"]
[WhiteTeam "Hamburger SK von 1830 eV"]
[BlackTeam "Hamburger SK von 1830 eV"]

{[%evp 0,48,19,31,25,5,47,61,70,59,60,41,60,52,51,29,58,-45,-47,-84,-77,-77,-78,-104,-88,-97,-102,-134,-119,-163,-128,-169,-140,-194,-159,-298,-161,-127,-47,-47,-23,-487,-456,-517,-517,-679,-679,-610,-555,-1186,-1186]} 1. d4 Nf6 2. Nc3 g6 3. e4 d6 4. Bd3 Bg7 5. Be3 Nc6 6. h3 O-O 7. Qd2 Ne8 8. a3 Nxd4 9. Bxd4 Bxd4 10. Nf3 Bg7 11. g4 e5 12. O-O-O Be6 13. Rdf1 a6 14. Ne1 b5 15. f3 c5 16. h4 b4 17. Nb1 bxa3 18. Nxa3 Bd7 19. Bc4 Bb5 20. Nxb5 axb5 21. Bxf7+ Rxf7 22. c3 Ra1+ 23. Kc2 Qa5 24. Ng2 Qa4+ 0-1

[Event "26. Offene Hamburger SEM 2019 65+"]
[Site "Hamburg"]
[Date "2019.11.15"]
[Round "5.20"]
[White "Krueger, Dietrich"]
[Black "Kaiser, Guenther"]
[Result "0-1"]
[WhiteElo "1042"]
[BlackElo "1456"]
[PlyCount "98"]
[EventDate "2019.??.??"]
[WhiteTeam "Hamburger SK von 1830 eV"]
[BlackTeam "SK Union Eimsbuettel eV"]

{[%evp 0,54,19,31,14,29,49,24,47,26,55,38,62,14,25,23,48,27,46,6,-19,-35,9,-52,-24,-64,-33,-41,2,6,4,0,11,-9,24,-190,-108,-142,-144,-144,-134,-126,-128,-166,-220,-227,-41,-127,54,-232,-107,-202,-189,-254,-254,-454,-378]} 1. d4 Nf6 2. Bf4 g6 3. Nd2 Bg7 4. Ngf3 d6 5. h3 O-O 6. e3 Re8 7. c3 b6 8. Qc2 Nc6 9. g4 e5 10. Bg5 h6 11. Bh4 g5 12. Bg3 exd4 13. cxd4 Nb4 14. Qb3 a5 15. a3 Nbd5 16. Bd3 Bb7 17. h4 Nxg4 18. e4 Nf4 19. Bxf4 gxf4 20. Rg1 h5 21. Ng5 d5 22. e5 Re7 23. Bf5 Bc8 24. Bxg4 Bxg4 25. f3 Bf5 26. O-O-O c5 27. Nde4 dxe4 28. fxe4 Bg6 29. dxc5 Qc7 30. Nf3 Qxc5+ 31. Kd2 Qf2+ 32. Kc1 Kh8 33. Rd2 Qe3 34. Qxe3 fxe3 35. Rd4 Rc8+ 36. Kb1 Bxe5 37. Nxe5 Rxe5 38. Ka1 Bxe4 39. Rd6 Re6 40. Rd7 Bg6 41. Rb7 e2 42. Re1 Rd8 43. Ka2 Rd1 44. Rb8+ Kg7 45. Rxe2 Rxe2 46. Rxb6 Bf5 47. Rb5 Be6+ 48. Rb3 Ree1 49. a4 Ra1# 0-1

[Event "26. Offene Hamburger SEM 2019 65+"]
[Site "Hamburg"]
[Date "2019.11.15"]
[Round "5.21"]
[White "Flader, Willi"]
[Black "Wang, Huanying"]
[Result "1-0"]
[Annotator "DATA"]
[WhiteElo "1319"]
[BlackElo "967"]
[PlyCount "84"]
[EventDate "2019.??.??"]
[WhiteTeam "SC Schwarz-Weiss Harburg"]
[BlackTeam "Niendorfer TSV 1919 SAbt"]

{[%evp 0,14,19,38,25,16,75,-9,51,33,75,42,54,44,46,41,36]} 1. e4 e5 2. Nf3 d6 3. c4 g6 4. Nc3 Be7 5. d3 Bd7 6. Be2 Nf6 7. h3 O-O 8. Bh6 Re8 9. Qd2 Kh8 10. Ng5 Kg8 11. f4 Bf8 12. Bxf8 Rxf8 13. Rf1 h6 14. Nf3 Nh5 15. f5 Nf4 16. g4 Ng2+ 17. Kd1 Kg7 18. Rh1 Nf4 19. Bf1 Nc6 20. a3 Qc8 21. Ne2 Na5 22. Qc3 f6 23. Nxf4 exf4 24. Qxa5 b6 25. Qc3 Qa6 26. b3 Rfe8 27. Kc2 Rab8 28. h4 b5 29. g5 d5 30. cxd5 Qb6 31. Nd4 hxg5 32. hxg5 Rh8 33. Be2 Qd6 34. b4 fxg5 35. Ne6+ Kf7 36. Rxh8 Bxe6 37. fxe6+ Ke7 38. Rxb8 Qb6 39. Rxb6 axb6 40. Qg7+ Kd6 41. Qd7+ Ke5 42. Qxc7+ Kf6 1-0